<?xml version="1.0" encoding="UTF-8"?>
<record
    xmlns:xsi="http://www.w3.org/2001/XMLSchema-instance"
    xsi:schemaLocation="http://www.loc.gov/MARC21/slim http://www.loc.gov/standards/marcxml/schema/MARC21slim.xsd"
    xmlns="http://www.loc.gov/MARC21/slim">

  <leader>00726nam a22001457a 4500</leader>
  <controlfield tag="008">180614b        xxu||||| |||| 00| 0 eng d</controlfield>
  <datafield tag="082" ind1=" " ind2=" ">
    <subfield code="a">708</subfield>
    <subfield code="b">ES74r</subfield>
  </datafield>
  <datafield tag="100" ind1=" " ind2=" ">
    <subfield code="a">Migliorisi, Ricardo </subfield>
    <subfield code="9">6406</subfield>
  </datafield>
  <datafield tag="245" ind1=" " ind2=" ">
    <subfield code="a">Ricardo Migliorisi</subfield>
  </datafield>
  <datafield tag="260" ind1=" " ind2=" ">
    <subfield code="a">Asunci&#xF3;n, Paraguay</subfield>
    <subfield code="b">Centro de Artes Visuales / Museo del Barro</subfield>
    <subfield code="c">2002</subfield>
  </datafield>
  <datafield tag="300" ind1=" " ind2=" ">
    <subfield code="a">134 p.</subfield>
    <subfield code="b">ill (col)</subfield>
    <subfield code="c">30.5 x 23 cm</subfield>
  </datafield>
  <datafield tag="505" ind1=" " ind2=" ">
    <subfield code="t">A cerca de la obra de Ricardo Migliorisi</subfield>
    <subfield code="r">Ticio Escobar</subfield>
    <subfield code="t">El goce</subfield>
    <subfield code="r">Roberto Amigo</subfield>
    <subfield code="t">Cat&#xE1;logo de obras</subfield>
    <subfield code="t">About Ricardo Migliorisi`s work</subfield>
    <subfield code="r">Ticio Escobar, traducido por Roberto Bernik</subfield>
    <subfield code="t">Exposiciones y premios</subfield>
  </datafield>
  <datafield tag="650" ind1=" " ind2=" ">
    <subfield code="x">arte contempor&#xE1;neo</subfield>
    <subfield code="x">arte - exhibiciones</subfield>
    <subfield code="x">Paraguay</subfield>
    <subfield code="x">arte - pintura</subfield>
    <subfield code="x">Migliorisi, Ricardo</subfield>
    <subfield code="9">6407</subfield>
  </datafield>
  <datafield tag="700" ind1=" " ind2=" ">
    <subfield code="a">Escobar, Ticio; Amigo, Roberto</subfield>
    <subfield code="9">6408</subfield>
  </datafield>
  <datafield tag="999" ind1=" " ind2=" ">
    <subfield code="c">1499</subfield>
    <subfield code="d">1499</subfield>
  </datafield>
  <datafield tag="952" ind1=" " ind2=" ">
    <subfield code="0">0</subfield>
    <subfield code="1">0</subfield>
    <subfield code="2">ddc</subfield>
    <subfield code="4">0</subfield>
    <subfield code="7">0</subfield>
    <subfield code="a">LV</subfield>
    <subfield code="b">LV</subfield>
    <subfield code="c">Monograf&#xED;as</subfield>
    <subfield code="d">2018-06-14</subfield>
    <subfield code="l">0</subfield>
    <subfield code="o">708 ES74r</subfield>
    <subfield code="p">001064</subfield>
    <subfield code="r">2018-06-14 00:00:00</subfield>
    <subfield code="w">2018-06-14</subfield>
    <subfield code="y">01</subfield>
  </datafield>
</record>
